Svoj obraz vo svete si vytvárame sami. A.s. InfoMedia chce prinášať aj všeobecnejšie ľudské témy.

Činnosť a.s. InfoMedia, dcérskej spoločnosti InfoMedia, AG Zürich, producentskej firmy na výrobu a predaj filmových diel, sprostredkovanie informácií o Slovensku v zahraničí a prezentácia nových podnikateľských subjektov a i. Konkurencia v oblasti filmovej a videotvorby na Slovensku.

Salvato in:
Dettagli Bibliografici
Autore principale: Balaščák, J.
Natura: Capitolo di libro
Lingua:slovacco
Soggetti:
Tags: Aggiungi Tag
Nessun Tag, puoi essere il primo ad aggiungerne!!

MARC

LEADER 00000naa a2200000 4500
001 r012470
005 20220826095020.4
041 0 |a slo 
044 |a SK 
245 1 0 |a Svoj obraz vo svete si vytvárame sami.  |b A.s. InfoMedia chce prinášať aj všeobecnejšie ľudské témy.  |c J. Balaščák 
520 |a Činnosť a.s. InfoMedia, dcérskej spoločnosti InfoMedia, AG Zürich, producentskej firmy na výrobu a predaj filmových diel, sprostredkovanie informácií o Slovensku v zahraničí a prezentácia nových podnikateľských subjektov a i. Konkurencia v oblasti filmovej a videotvorby na Slovensku. 
610 2 0 |a InfoMedia, a.s. Bratislava 
610 2 0 |a Slovensko 
610 2 0 |a podnik 
610 2 0 |a propagácia 
610 2 0 |a konkurencia 
100 1 |a Balaščák, J.